| 000 | 00809nam a22002657a 4500 | ||
|---|---|---|---|
| 001 | 9038 | ||
| 003 | FISKH | ||
| 005 | 20251117095403.0 | ||
| 008 | 251117b cb ||||| |||| 00| 0 eng d | ||
| 040 |
_aFISKH _beng _cFISKH _dFISKH |
||
| 050 | _aPZ7.A8262 L | ||
| 082 | _a823.914 | ||
| 100 |
_aAshley, Bernard _eAuthor |
||
| 245 |
_aLinda's lie / _cBernard Ashley ; Illustrated by Janet Duchesne |
||
| 260 |
_aGreat Britain : _bCamelot Press , _c1982 |
||
| 300 |
_a44 pages : _bIllustrations ; _c21 cm |
||
| 505 | _aN | ||
| 520 | _aLinda's lie to hide her family's poverty brings her personal agony. | ||
| 521 | 8 |
_a700
_bLexile estimate |
|
| 521 | 8 |
_aN
_bRaz-Plus |
|
| 650 |
_aChildren's literature _vFamily life |
||
| 700 |
_aDuchesne, Janet _eIllustrator |
||
| 942 |
_2ddc _cBK _n0 |
||
| 999 |
_c9038 _d9038 |
||